An introduction to the theory of numbers (Record no. 520)

MARC details
000 -LEADER
fixed length control field 00593nam a22002057a 4500
005 - DATE AND TIME OF LATEST TRANSACTION
control field 20250420134814.0
008 - FIXED-LENGTH DATA ELEMENTS--GENERAL INFORMATION
fixed length control field 200729b ||||| |||| 00| 0 eng d
020 ## - INTERNATIONAL STANDARD BOOK NUMBER
International Standard Book Number 9780199219865
040 ## - CATALOGING SOURCE
Transcribing agency KCST
082 ## - DEWEY DECIMAL CLASSIFICATION NUMBER
Classification number 512.7
Item number Ha In
100 ## - MAIN ENTRY--PERSONAL NAME
Personal name Hardy, Godfrey Harold
9 (RLIN) 4794
245 ## - TITLE STATEMENT
Title An introduction to the theory of numbers
Statement of responsibility, etc. Godfrey Harold Hardy; Edward Maitland Wright
250 ## - EDITION STATEMENT
Edition statement 6th edition.
260 ## - PUBLICATION, DISTRIBUTION, ETC.
Place of publication, distribution, etc. Oxford:
Name of publisher, distributor, etc. Oxford University Press,
Date of publication, distribution, etc. 2008.
300 ## - PHYSICAL DESCRIPTION
Extent 609 p.
650 ## - SUBJECT ADDED ENTRY--TOPICAL TERM
Topical term or geographic name entry element Number theory.
9 (RLIN) 4795
700 ## - ADDED ENTRY--PERSONAL NAME
Personal name Wright, Edward Maitland
9 (RLIN) 4796
942 ## - ADDED ENTRY ELEMENTS (KOHA)
Koha item type Book
942 ## - ADDED ENTRY ELEMENTS (KOHA)
Source of classification or shelving scheme Dewey Decimal Classification
Holdings
Withdrawn status Lost status Source of classification or shelving scheme Damaged status Not for loan Home library Current library Date acquired Cost, normal purchase price Total checkouts Full call number Barcode Date last seen Price effective from Koha item type
    Dewey Decimal Classification     KCST Library KCST Library 29/07/2020 15.50   512.7 Ha In 1000000368 29/07/2020 29/07/2020 Book
© 2025 KCST. All rights reserved